Sher Shah's Administration: (Record no. 166612)
[ view plain ]
| 000 -LEADER | |
|---|---|
| fixed length control field | 00761nam a22002177a 4500 |
| 005 - DATE AND TIME OF LATEST TRANSACTION | |
| control field | 20200915151959.0 |
| 010 ## - LCCN (DPL NO) | |
| LC control number | ENG-126105 B-732633 |
| 020 ## - INTERNATIONAL STANDARD BOOK NUMBER | |
| International Standard Book Number | 9789388278430 |
| Terms of availability | 500.00 |
| 035 ## - SYSTEM CONTROL NUMBER | |
| System control number | EN-109637 |
| 035 ## - SYSTEM CONTROL NUMBER | |
| System control number | B-732633 |
| 037 ## - SOURCE OF ACQUISITION | |
| Source of stock number/acquisition | DBAD/PUB |
| 037 ## - SOURCE OF ACQUISITION | |
| Source of stock number/acquisition | Anuradha Prakashan |
| 082 ## - DEWEY DECIMAL CLASSIFICATION NUMBER | |
| Classification number | 954.02 |
| 100 ## - MAIN ENTRY--PERSONAL NAME | |
| Personal name | Dhawan, Anu |
| 245 ## - TITLE STATEMENT | |
| Title | Sher Shah's Administration: |
| Remainder of title | through Persian Sources / |
| Statement of responsibility, etc | by Anu Dhawan |
| 260 ## - PUBLICATION, DISTRIBUTION, ETC. (IMPRINT) | |
| Place of publication, distribution, etc | New Delhi |
| Name of publisher, distributor, etc | Anuradha Prakashan |
| Date of publication, distribution, etc | 2018 |
| -- | 2019 |
| 270 ## - ADDRESS | |
| Address | 1193, Pankha Road, Nangal Raya |
| City | New Delhi |
| Postal code | 110046 |
| Telephone number | +91(011)28520555 |
| Electronic mail address | anuradhaprakashan@gmail.com |
| 300 ## - PHYSICAL DESCRIPTION | |
| Extent | 242p.: |
| Other physical details | 22cm(Hb) |
| Dimensions | ill. |
| 942 ## - ADDED ENTRY ELEMENTS (KOHA) | |
| Source of classification or shelving scheme | Dewey Decimal Classification |
| Item type | English Books |
| Classification part | 954.02 |
| Call number suffix | DHA |
| Withdrawn status | Lost status | Not for loan | Collection code | Home library | Current library | Date acquired | Source of acquisition | Cost, normal purchase price | Full call number | Barcode | Copy number | Cost, replacement price | Koha item type |
|---|---|---|---|---|---|---|---|---|---|---|---|---|---|
| Non-fiction | Andrews Gunj | Andrews Gunj | 30/07/2019 | DBAD/PUB | 500.00 | 954.02 DHA | EN-109637 | 1 | 500.00 | English Books | |||
| Non-fiction | Central Library | Central Library | 15/09/2020 | Gift/Eng/27.02.2020 | 500.00 | 954.02 DHA | B-732633 | 1 | 500.00 | English Books |
